| 000 | 00514nam a2200217 a 4500 | ||
|---|---|---|---|
| 999 |
_c4165 _d4165 |
||
| 001 | 4165 | ||
| 003 | BD-JhCC | ||
| 005 | 20171126102232.0 | ||
| 008 | 171116s1947 uk |||| |||| 000 0 eng d | ||
| 035 | _a(BD-JhCC) | ||
| 040 |
_aBD-JhCC _dBD-JhCC |
||
| 041 | _aeng | ||
| 082 |
_a651.6 _bELL 1947 |
||
| 100 | _aEllis, R. C. | ||
| 245 |
_aWeather / _cR. C. Ellis |
||
| 260 |
_aLondon : _bOxford University Press, _c1947 |
||
| 300 |
_a85 p.; _c14 cm. |
||
| 650 | _aWeather | ||
| 650 | _aMetrology | ||
| 942 |
_2ddc _cBK |
||